| 000 | 00668nam a2200121Ia 4500 | ||
|---|---|---|---|
| 008 | 220620s9999||||xx |||||||||||||| ||und|| | ||
| 100 | _aSaddiki, Said | ||
| 245 | 0 |
_aWorld of Walls _bThe Structure, Roles and Effectiveness of Separation Barriers |
|
| 546 | _aEnglish[eng] | ||
| 650 | _aindia||immigration||walls||marocco||borders||israel||mexico||virtual barriers||international relations||border security||u.s||Morocco||Western Sahara | ||
| 856 | _uhttps://library.oapen.org/bitstream/20.500.12657/30824/1/641876.pdf||https://library.oapen.org/bitstream/20.500.12657/30824/1/641876.pdf||https://library.oapen.org/bitstream/20.500.12657/30824/1/641876.pdf | ||
| 942 | _cEB | ||
| 999 |
_c22284 _d22284 |
||